Situación y perspectivas de la juventud en América Latina /

Tallennettuna:
Bibliografiset tiedot
Yhteisötekijät: NU, CEPAL
Aineistotyyppi: Teksti
Julkaistu: San José: UN
Tagit: Lisää tagi
Ei tageja, Lisää ensimmäinen tagi!

MARC

LEADER 00000 a a2200000 04500
001 23312
003
040
090 |a 161500  
110 |a NU  
245 |a Situación y perspectivas de la juventud en América Latina /  |c NU  
260 |a San José:   |b UN  
300 |a 67 p.   |b **no definido**  
710 |a CEPAL  
999 |c 10838  |d 10838